|
|
|
|
| LEADER |
01785nam a22004094a 4500 |
| 001 |
30309 |
| 003 |
BD-DhAAL |
| 005 |
20151202092348.0 |
| 008 |
30309r20062000enk b 000 0 eng |
| 010 |
|
|
|a 00033738
|
| 020 |
|
|
|a 9780521582131 hardback
|
| 020 |
|
|
|a 052158213X hardback
|
| 020 |
|
|
|a 9780521588140 paperback
|
| 020 |
|
|
|a 0521588146 paperback
|
| 040 |
|
|
|a DLC
|c DLC
|d DLC
|d BD-DhAAL
|
| 042 |
|
|
|a pcc
|
| 043 |
|
|
|a e-uk---
|
| 050 |
0 |
0 |
|a HT1161
|b .M67 2000
|
| 082 |
0 |
0 |
|a 382.44
|2 21
|
| 100 |
1 |
|
|a Morgan, Kenneth,
|d 1953-
|9 16605
|
| 245 |
1 |
0 |
|a Slavery, Atlantic trade and the British economy, 1660-1800 /
|c prepared for the Economic History Society by Kenneth Morgan.
|
| 260 |
|
|
|a Cambridge ;
|a New York :
|b Cambridge University Press,
|c c2000 [digital printing 2006]
|
| 300 |
|
|
|a ix, 120 p. ;
|c 23 cm.
|
| 490 |
|
0 |
|a New studies in economic and social history
|
| 504 |
|
|
|a Includes bibliographical references (p. 99-114) and index.
|
| 541 |
|
|
|e 30309
|
| 650 |
|
0 |
|a Slave trade
|z Great Britain
|x History.
|9 16606
|
| 651 |
|
0 |
|a Great Britain
|x Commerce
|x History
|y 18th century.
|9 16607
|
| 651 |
|
0 |
|a Great Britain
|x Commerce
|x History
|y 17th century.
|9 16608
|
| 651 |
|
0 |
|a Great Britain
|x Economic conditions
|y 18th century.
|9 16609
|
| 651 |
|
0 |
|a Great Britain
|x Economic conditions
|y 17th century.
|9 16610
|
| 710 |
2 |
|
|a Economic History Society.
|9 16611
|
| 856 |
4 |
2 |
|3 Publisher description
|u http://www.loc.gov/catdir/description/cam021/00033738.html
|
| 856 |
4 |
1 |
|3 Table of contents
|u http://www.loc.gov/catdir/toc/cam022/00033738.html
|
| 942 |
|
|
|2 ddc
|c BK
|
| 999 |
|
|
|c 36344
|d 36344
|
| 952 |
|
|
|0 0
|1 0
|2 ddc
|4 0
|6 382_440000000000000_MOR
|7 0
|9 57155
|a BRACUL
|b BRACUL
|c GEN
|d 2015-12-02
|e Karim International
|g 1781.00
|l 1
|m 1
|o 382.44 MOR
|p 3010030309
|r 2020-01-27
|s 2019-06-12
|t 1
|w 2015-12-02
|y BK
|